Calciatori della Ligue 1 nella Squadra dell'anno UEFA - Statistics

Statistiche generali
  • Questo quiz è stato fatto 4 volte
  • Il punteggio medio è 5 su 6
Statistiche sulle risposte
Numero apparizioni Edizioni apparizioni Nazione Squadra Calciatore % Corretto
1 2018 Francia Paris Saint-Germain Kylian Mbappé
100%
1 2020 Brasile Paris Saint-Germain Neymar
100%
2 2012; 2013 Brasile Paris Saint-Germain Thiago Silva
100%
2 2013; 2014 Svezia Paris Saint-Germain Zlatan Ibrahimović
100%
1 2017 Brasile Paris Saint-Germain Dani Alves
75%
1 2007 Francia Olympique Lione Éric Abidal
25%
Nessun quiz corrispondente trovato
Distribuzione punteggi
Percentuale di utenti per punteggio
Percentile per numero di risposta
I tuoi punteggi nel tempo
Non hai fatto questo quiz